| 000 | 00519 a2200133 4500 | ||
|---|---|---|---|
| 082 | _aBICSE-2 | ||
| 100 |
_aKashif Sharif _931101 |
||
| 245 |
_aMicrocontroller Based GPRS Enabled RFID System _cKashif Sharif |
||
| 260 |
_a Isalamabad, _bNUST School of Electrical Engineering & Computer Science, _c2008. |
||
| 300 |
_a x, 63 p. _b : ill. _c; 27 cm. + _eCD-ROM |
||
| 500 | _aSupervisors : Dr. Nazar Abbas Saqib, Dr. Fauzan Mirza. | ||
| 856 | _uhttp://10.250.8.41:8080/xmlui/handle/123456789/28958 | ||
| 942 |
_cPR _kBICSE-2 KAS _2ddc |
||
| 999 |
_c9332 _d9332 |
||